The hydrobiological, climatic and pedological factors in the alkalization of soils of the Great Hungarian Plain

Elmentve itt :
Bibliográfiai részletek
Szerzők: Vámos Rezső
Andó Mihály
Dokumentumtípus: Cikk
Megjelent: 1969
Sorozat:Acta Universitatis Szegediensis : acta geographica 9
Kulcsszavak:Földrajztudomány
Online Access:http://acta.bibl.u-szeged.hu/3111
LEADER 00724nab a2200193 i 4500
001 acta3111
005 20210603151012.0
008 161015s1969 hu o 0|| eng d
022 |a 0324-5268 
040 |a SZTE Egyetemi Kiadványok Repozitórium  |b hun 
041 |a eng 
100 1 |a Vámos Rezső 
245 1 4 |a The hydrobiological, climatic and pedological factors in the alkalization of soils of the Great Hungarian Plain  |h [elektronikus dokumentum] /  |c  Vámos Rezső 
260 |c 1969 
300 |a 81-97 
490 0 |a Acta Universitatis Szegediensis : acta geographica  |v 9 
695 |a Földrajztudomány 
700 0 1 |a Andó Mihály  |e aut 
856 4 0 |u http://acta.bibl.u-szeged.hu/3111/1/geographica_009_081-097.pdf  |z Dokumentum-elérés